00779nam a22002177a 450000500170000000800410001702200130005808200460007110000430011710000370016024501040019726000600030130000220036144000340038365000400041765000240045765000300048165000270051194200080053899900150054620160627195857.0160506b xxu||||| |||| 00| 0 spa d a03793982 aTecnología en Marcha Vol 25, N° 6 2012 aHernández Navarro, Juan Rafael99931 aMora Sánchez, Amílkar 99934 aPromoción del Desarrollo Económico Local (DEL): experiencias desde el turismo rural comunitario aCosta RicabEditorial Tecnológica de Costa Ricac2012 apáginas 104-111 aTecnología en Marcha911798 aDESARROLLO ECONÓMICO LOCAL99936 aTURISMO RURAL91917 aTURISMO COMUNITARIO92853 aDESARROLLO RURAL99937 cREV c8105d8105